000 01119nam a22002897a 4500
001 7277
003 FISKH
005 20250708084000.0
008 250708b cb ||||| |||| 00| 0 eng d
020 _a9780545365932
040 _aFISKH
_beng
_cFISKH
_dFISKH567.9 LCC QE861 .M85
050 _aQE861 .M85
082 _a567.9
100 _aMugford, Simon
245 _aDinosaur A-Z :
_bFor kids who really love dinosaurs! /
_cWritten by Simon Mugford ; Designed by Jo Rigg
250 _aFirst Scholastic printing, May 2011
260 _aNew York :
_bScholastic,
_c2004
300 _a32 unnumbered pages :
_bcolor illustrations ;
_c22 x 26 cm
505 _aK
520 _a"Come face-to-face with 26 incredible dinosaurs, from Allosaurus to Zephyrosaurus, in this fantastic ABC book. Find out what they eat, how big they are, and everything you want to know about spikes, claws and razor-sharp teeth".
521 8 _a510
_bLexile Adjusted
521 8 _aK
_bRaz-Plus
650 _aDinosaurs
_vAphabet Book
_xPaleontology
700 _aRigg, Jo
_eillustrator
942 _2ddc
_cBK
_n0
999 _c7277
_d7277